Kvantifikace objemu státních dotací do železniční dopravy v ČR
Kvantifikácia celkového objemu verejných zdrojov plynúcich do železničnej dopravy v ČR. Vznik akciových spoločností České dráhy a.s. (ČD) a Správa železničnej dopravej cesty s.o. v r. 2003. Priame dotácie. Investičné dotácie. Prevádzkové dotácie. Dotácie na úhradu straty z osobnej dopravy ČD. Dotác...
Gespeichert in:
| 1. Verfasser: | |
|---|---|
| Weitere Verfasser: | |
| Format: | Buchkapitel |
| Sprache: | Tschechisch |
| Schlagworte: | |
| Tags: |
Keine Tags, Fügen Sie das erste Tag hinzu!
|
MARC
| LEADER | 00000naa$a2200000$$$4500 | ||
|---|---|---|---|
| 001 | 0043914 | ||
| 005 | 20231107114416.0 | ||
| 041 | 0 | |a cze | |
| 044 | |a CZ | ||
| 245 | 1 | 0 | |a Kvantifikace objemu státních dotací do železniční dopravy v ČR |c Tomáš Pospíšil, Zdeněk Tomeš |
| 520 | |a Kvantifikácia celkového objemu verejných zdrojov plynúcich do železničnej dopravy v ČR. Vznik akciových spoločností České dráhy a.s. (ČD) a Správa železničnej dopravej cesty s.o. v r. 2003. Priame dotácie. Investičné dotácie. Prevádzkové dotácie. Dotácie na úhradu straty z osobnej dopravy ČD. Dotácie celkom. Rovnovážne dotácie. | ||
| 610 | 2 | 0 | |a doprava železničná |
| 610 | 2 | 0 | |a Česko |
| 610 | 2 | 0 | |a dotácie |
| 610 | 2 | 0 | |a železnice |
| 610 | 2 | 0 | |a politika dopravná |
| 610 | 2 | 0 | |a dotácie štátne |
| 610 | 2 | 0 | |a kvantifikácia |
| 610 | 2 | 0 | |a financie verejné |
| 610 | 2 | 0 | |a infraštruktúra |
| 610 | 2 | 0 | |a dotácie investičné |
| 100 | 1 | |a Pospíšil, Tomáš | |
| 700 | 1 | |a Tomeš, Zdeněk | |